00885nam a2200289 a 450000100060000000300090000600800410001502000180005604000280007404100080010210000340011024500730014425000110021726000310022830000110025949000150027050000570028565000270034265000190036965000260038865000380041465000240045265000360047665000410051265000220055370000200057525800CO-ViMGA141112s2004 ck r 000 u spa d a9789584544599 aCO-ViMGAbspacCO-ViMGA aSPA1 aBojunga Nunes, Lygia, 1932 - 10aClase de inglés / cLygia Bojunga ; traducción de Santiago Ochoa a1a ed. aBogotá : bNorma, c2013 a142 p. aZona libre aTítulo original en portugués : Aula de InglÛs.14aADOLESCENCIA - NOVELA 14aAMOR - NOVELA 14aAUTORES BRASILEÑOS 14aCONFLICTOS DE IDENTIDAD - NOVELA 14aDESDE LOS 15 AÑOS14aLITERATURA JUVENIL BRASILEÑA 14aRELACION PROFESOR - ALUMNO - NOVELA 14aSOLEDAD - NOVELA 1 aOchoa, Santiago